| 000 | 00717nam a2200193 4500 | ||
|---|---|---|---|
| 999 |
_c163429 _d163429 |
||
| 005 | 20190415115338.0 | ||
| 010 | _aENG-125051 | ||
| 020 |
_a9789384692049 _c250.00 |
||
| 035 | _aEN-108583 | ||
| 037 | _bDBAD/PUB | ||
| 082 | _a615.820 | ||
| 100 | _aFrancis, Tilak T.G. | ||
| 245 |
_aEvidence based practice in physiotherapist perspective/ _cby T.G. Tilak Francis |
||
| 260 |
_aChennai _bDigital Age Publishers _c2017 |
||
| 270 |
_a26, Vedantham Colony, 2nd Cross Street, Tambaram Santorium _bChennai _e600047 _k9551891745, 9941535005 _mdigitalagepublisheres@gmail.com |
||
| 300 |
_axx,50p. _c21cm.(Pbk) |
||
| 500 | _aincludes bibliographical references and index | ||
| 942 |
_2ddc _cEN _h615.820 _mFRA |
||